[Event "Netanya op"]
[Site "Netanya"]
[Date "2019.06.30"]
[Round "7"]
[White "Reches, Omer"]
[Black "Ben Hemo, Guy"]
[Result "1-0"]
[WhiteElo "1724"]
[BlackElo "1453"]
[PlyCount "43"]
[EventDate "2019.06.23"]
[EventType "swiss"]
[EventRounds "9"]
[EventCountry "ISR"]
[SourceTitle "CBM 191 Extra"]
[Source "ChessBase"]
[SourceDate "2019.09.30"]
[SourceVersion "1"]
[SourceVersionDate "2019.09.30"]
[SourceQuality "1"]

1. d4 d5 2. Nf3 Nf6 3. Bf4 e6 4. e3 c5 5. c3 Qb6 6. Qb3 Qxb3 7. axb3 Nc6 8. Na3 a6 9. Nb5 Kd8 10. Ng5 Ke7 11. Bd6+ Kd7 12. dxc5 b6 13. Nxf7 Rg8 14. Nc7 Ra7 15. cxb6 Rxc7 16. Bxc7 h6 17. Bxa6 Bxa6 18. Rxa6 Be7 19. 0-0 Rf8 20. Ne5+ Nxe5 21. Bxe5 Ng4 22. Bg3 1-0

[Event "Netanya op"]
[Site "Netanya"]
[Date "2019.06.27"]
[Round "5"]
[White "Sivan, Guy"]
[Black "Ben Hemo, Guy"]
[Result "1-0"]
[WhiteElo "1246"]
[BlackElo "1453"]
[PlyCount "78"]
[EventDate "2019.06.23"]
[EventType "swiss"]
[EventRounds "9"]
[EventCountry "ISR"]
[SourceTitle "CBM 191 Extra"]
[Source "ChessBase"]
[SourceDate "2019.09.30"]
[SourceVersion "1"]
[SourceVersionDate "2019.09.30"]
[SourceQuality "1"]

1. e4 c5 2. d4 cxd4 3. c3 dxc3 4. Nxc3 d6 5. Bc4 Nf6 6. Bf4 e5 7. Bd2 Be7 8. Nf3 0-0 9. 0-0 Nxe4 10. Nxe4 d5 11. Nxe5 dxc4 12. Nxc4 Qd4 13. Qe2 Be6 14. Rac1 Nc6 15. Rfd1 Bxc4 16. Rxc4 Qxb2 17. Qg4 Ne5 18. Qg3 Nxc4 19. Bc3 Qxc3 20. Nxc3 Rad8 21. Nd5 Bd6 22. Qb3 Nb6 23. Ne3 Bc7 24. g3 h6 25. Nf5 Rxd1+ 26. Qxd1 Rd8 27. Qb3 Rd7 28. Qe3 Kf8 29. Qc5+ Kg8 30. Qc3 f6 31. Qb3+ Kh7 32. Qe6 Be5 33. Ne7 Rd8 34. Qf5+ Kh8 35. Ng6+ Kg8 36. Qe6+ Kh7 37. Nxe5 fxe5 38. Qxe5 Rd2 39. Qa5 Nd5 1-0